[Event "Latin Cup-A 6th"]
[Site "Buenos Aires"]
[Date "2015.03.23"]
[Round "6"]
[White "Flynn, Mariano"]
[Black "Uelf, Maximiliano"]
[Result "0-1"]
[WhiteElo "2033"]
[BlackElo "2207"]
[PlyCount "86"]
[EventDate "2015.03.19"]
[EventType "swiss"]
[EventRounds "9"]
[EventCountry "ARG"]
[SourceTitle "CBM 165 Extra"]
[Source "ChessBase"]
[SourceDate "2015.04.21"]
[SourceVersion "1"]
[SourceVersionDate "2015.04.21"]
[SourceQuality "1"]

1. d4 d5 2. c4 e6 3. Nc3 c6 4. cxd5 exd5 5. e3 Bf5 6. Bd3 Bg6 7. Nge2 Bd6 8. e4 dxe4 9. Nxe4 Bxe4 10. Bxe4 Nf6 11. Bc2 0-0 12. 0-0 Re8 13. Qd3 Nbd7 14. Ng3 Bxg3 15. hxg3 Qa5 16. g4 h6 17. Bd2 Qd5 18. f3 c5 19. Bc3 cxd4 20. Qxd4 Qxd4+ 21. Bxd4 Nd5 22. Rae1 N7b6 23. Kf2 Red8 24. Rd1 Nb4 25. Bb3 Nc6 26. Bc3 Nd7 27. Rd5 Nb6 28. Rxd8+ Rxd8 29. Re1 Nd5 30. Be5 Ndb4 31. Bc4 Nxe5 32. Rxe5 Nd3+ 33. Bxd3 Rxd3 34. Re8+ Kh7 35. Ke2 Rd7 36. Ke3 Kg6 37. Re4 Rd6 38. Rb4 b6 39. Rd4 Rc6 40. Kd3 Rc1 41. Rc4 Rd1+ 42. Kc3 Rg1 43. Rc7 Rc1+ 0-1

[Event "Latin Cup-A 6th"]
[Site "Buenos Aires"]
[Date "2015.03.22"]
[Round "5"]
[White "Souza, Rafael Cabral de"]
[Black "Flynn, Mariano"]
[Result "0-1"]
[WhiteElo "2194"]
[BlackElo "2033"]
[PlyCount "84"]
[EventDate "2015.03.19"]
[EventType "swiss"]
[EventRounds "9"]
[EventCountry "ARG"]
[SourceTitle "CBM 165 Extra"]
[Source "ChessBase"]
[SourceDate "2015.04.21"]
[SourceVersion "1"]
[SourceVersionDate "2015.04.21"]
[SourceQuality "1"]

1. e4 c5 2. Nf3 d6 3. d4 cxd4 4. Nxd4 Nf6 5. Nc3 g6 6. Be3 Bg7 7. f3 0-0 8. Bc4 Nc6 9. Qd2 Bd7 10. h4 h5 11. 0-0-0 Rc8 12. Bb3 Ne5 13. Bg5 Rc5 14. g4 hxg4 15. f4 Nc4 16. Qe2 b5 17. Ncxb5 Nxb2 18. Kxb2 Bxb5 19. Nxb5 Nxe4+ 20. Nd4 Ng3 21. Qd2 Nxh1 22. Rxh1 Qb6 23. Kb1 Rd5 24. c3 a5 25. Kc2 Rc5 26. Rc1 Rfc8 27. Kd1 Qb7 28. Qe3 e5 29. Ne2 a4 30. Bxa4 f6 31. Bb3+ d5 32. Bxf6 Bxf6 33. fxe5 Qe7 34. Qh6 Qxe5 35. Qxg6+ Bg7 36. h5 Re8 37. Qxg4 Rc6 38. Rc2 Kh8 39. Ba4 Rf6 40. Bxe8 Rf1+ 41. Kd2 Bh6+ 42. Kd3 Qe3# 0-1

[Event "Latin Cup-A 6th"]
[Site "Buenos Aires"]
[Date "2015.03.19"]
[Round "1"]
[White "Dolezal, Cristian"]
[Black "Flynn, Mariano"]
[Result "1-0"]
[WhiteElo "2457"]
[BlackElo "2033"]
[PlyCount "87"]
[EventDate "2015.03.19"]
[EventType "swiss"]
[EventRounds "9"]
[EventCountry "ARG"]
[SourceTitle "CBM 165 Extra"]
[Source "ChessBase"]
[SourceDate "2015.04.21"]
[SourceVersion "1"]
[SourceVersionDate "2015.04.21"]
[SourceQuality "1"]

1. d4 Nf6 2. c4 Nc6 3. Nf3 e6 4. g3 d5 5. Nbd2 Be7 6. Bg2 0-0 7. 0-0 Ne4 8. e3 f5 9. cxd5 exd5 10. Ne1 Be6 11. Nd3 g5 12. Nb3 b6 13. Bd2 Rf6 14. f3 Nxd2 15. Qxd2 a5 16. Rfc1 Bc8 17. Ne5 Bb7 18. Qe2 Rc8 19. Nxc6 Bxc6 20. f4 Bb7 21. Qd3 g4 22. Rc2 Qd7 23. Rd1 a4 24. Nc1 c5 25. dxc5 Bxc5 26. Re2 Rd6 27. a3 b5 28. Ree1 Kg7 29. Ne2 Ba6 30. Nd4 b4 31. Qxf5 Bxd4 32. Qxd7+ Rxd7 33. Rxd4 bxa3 34. bxa3 Rc4 35. Red1 Rc3 36. Rxa4 Bc4 37. Rb4 Re7 38. Bxd5 Bxd5 39. Rxd5 Rcxe3 40. Rb2 Rxa3 41. Rg5+ Kf6 42. Rxg4 Kf5 43. Rg5+ Ke4 44. Kg2 1-0